Tomáš Slivka: Otázky stoja ináč
Rozhovor s T. Slivkom, generálnym riaditeľom Slovenských aerolínií (SA), o situácii v SA. Slovenské aerolínie podporuje a kontroluje štát, ich situácia je však nepriaznivá. Veľké finančné problémy firmy. Otázka privatizácie SA. Spolupráca s inými firmami. Snaha o riešenie zlej situácie SA.
Enregistré dans:
| Auteur principal: | |
|---|---|
| Autres auteurs: | |
| Format: | Chapitre de livre |
| Langue: | slovaque |
| Sujets: | |
| Tags: |
Pas de tags, Soyez le premier à ajouter un tag!
|
MARC
| LEADER | 00000naa a2200000 4500 | ||
|---|---|---|---|
| 001 | r048340 | ||
| 005 | 20230921114621.3 | ||
| 041 | 0 | |a slo | |
| 044 | |a SK | ||
| 245 | 1 | 0 | |a Tomáš Slivka: Otázky stoja ináč |c Gabriel Beer, Tomáš Slivka |
| 520 | |a Rozhovor s T. Slivkom, generálnym riaditeľom Slovenských aerolínií (SA), o situácii v SA. Slovenské aerolínie podporuje a kontroluje štát, ich situácia je však nepriaznivá. Veľké finančné problémy firmy. Otázka privatizácie SA. Spolupráca s inými firmami. Snaha o riešenie zlej situácie SA. | ||
| 610 | 2 | 0 | |a doprava letecká |
| 610 | 2 | 0 | |a financovanie |
| 610 | 2 | 0 | |a podpory |
| 610 | 2 | 0 | |a štát |
| 610 | 2 | 0 | |a kontrola štátna |
| 610 | 2 | 0 | |a lietadlá |
| 610 | 2 | 0 | |a spolupráca podnikov |
| 610 | 2 | 0 | |a audit |
| 610 | 2 | 0 | |a Slovenské aerolínie, a.s. Bratislava |
| 100 | 1 | |a Beer, Gabriel | |
| 700 | 1 | |a Slivka, Tomáš | |